Countries with the highest average IQ - Statistics

General Stats
  • This quiz has been taken 38 times
  • The average score is 8 of 10
Answer Stats
Hint Answer % Correct
5 China
97%
4 Hong Kong
97%
1 Japan
94%
6 South Korea
92%
10 Netherlands/Germany
86%
2 Taiwan
83%
3 Singapore
78%
8 Finland
69%
9 Liechtenstein
39%
7 Belarus
17%
No matching quizzes found
Score Distribution
Percent of People with Each Score
Percentile by Number Answered
Your Score History
You have not taken this quiz